Hand book of writing & printing ink industry/ (Record no. 308024)
[ view plain ]
| 000 -LEADER | |
|---|---|
| fixed length control field | 01084nam a2200337 a 4500 |
| 001 - CONTROL NUMBER | |
| control field | vtls000353407 |
| 003 - CONTROL NUMBER IDENTIFIER | |
| control field | NLI |
| 005 - DATE AND TIME OF LATEST TRANSACTION | |
| control field | 20210602165815.0 |
| 008 - FIXED-LENGTH DATA ELEMENTS--GENERAL INFORMATION | |
| fixed length control field | 110113s ii a f 000 0 eng |
| 020 ## - INTERNATIONAL STANDARD BOOK NUMBER | |
| Terms of availability | Rs. 300.00 |
| 039 #9 - LEVEL OF BIBLIOGRAPHIC CONTROL AND CODING DETAIL [OBSOLETE] | |
| Level of rules in bibliographic description | 201205162212 |
| Level of effort used to assign nonsubject heading access points | jagesward |
| -- | 201101132027 |
| -- | VLOAD |
| 040 ## - CATALOGING SOURCE | |
| Original cataloging agency | NLI : |
| Language of cataloging | eng |
| Transcribing agency | NLMARC21 |
| 041 0# - LANGUAGE CODE | |
| Language code of text/sound track or separate title | eng |
| 044 ## - COUNTRY OF PUBLISHING/PRODUCING ENTITY CODE | |
| MARC country code | ii |
| 082 04 - DEWEY DECIMAL CLASSIFICATION NUMBER | |
| Classification number | 338.476674 |
| Edition number | 22 |
| 100 1# - MAIN ENTRY--PERSONAL NAME | |
| Personal name | Bhatia, S. C. |
| 9 (RLIN) | 30073 |
| 245 10 - TITLE STATEMENT | |
| Title | Hand book of writing & printing ink industry/ |
| Statement of responsibility, etc. | by S. C. Bhatia |
| 260 ## - PUBLICATION, DISTRIBUTION, ETC. | |
| Place of publication, distribution, etc. | Delhi : |
| Name of publisher, distributor, etc. | Small Industry Research Institute, |
| Date of publication, distribution, etc. | n.d. |
| 300 ## - PHYSICAL DESCRIPTION | |
| Extent | 212 p. : |
| Other physical details | ill.; |
| Dimensions | 24 cm. |
| 505 0# - FORMATTED CONTENTS NOTE | |
| Formatted contents note | Glossary : p. 204 - 208 |
| 650 #0 - SUBJECT ADDED ENTRY--TOPICAL TERM | |
| Topical term or geographic name entry element | Ink industry |
| Geographic subdivision | India |
| 9 (RLIN) | 518747 |
| 650 #0 - SUBJECT ADDED ENTRY--TOPICAL TERM | |
| Topical term or geographic name entry element | Printing ink industry |
| Geographic subdivision | India |
| 9 (RLIN) | 518748 |
| 887 ## - NON-MARC INFORMATION FIELD | |
| Content of non-MARC field | prasenjit |
| 901 ## - LOCAL DATA ELEMENT A, LDA (RLIN) | |
| a | DB60031 |
| b | 5.9.91 |
| 902 ## - LOCAL DATA ELEMENT B, LDB (RLIN) | |
| a | E 338.476674 B 469 |
| 904 ## - LOCAL DATA ELEMENT D, LDD (RLIN) | |
| a | prasenjit |
| 942 ## - ADDED ENTRY ELEMENTS (KOHA) | |
| Source of classification or shelving scheme | Dewey Decimal Classification |
| Koha item type | Books |
| 949 ## - LOCAL PROCESSING INFORMATION (OCLC) | |
| -- | VIRTUAITEM |
| -- | 10012 |
| -- | 100 |
| 6 | DBA00060031ENG |
| Withdrawn status | Lost status | Damaged status | Not for loan | Collection code | Home library | Current library | Shelving location | Date acquired | Total Checkouts | Full call number | Barcode | Date last seen | Price effective from | Koha item type |
|---|---|---|---|---|---|---|---|---|---|---|---|---|---|---|
| New English | National Library of India | National Library of India | New English - Main Stack Division | E 338.476674 B 469 | DBA00060031ENG | 02/06/2021 | 02/06/2021 | Books |
